Analysis of biological development
Zapisane w:
| 1. autor: | |
|---|---|
| Format: | Książka |
| Język: | Undetermined |
| Wydane: |
New York
McGraw-Hill
2001
|
| Hasła przedmiotowe: | |
| Etykiety: |
Dodaj etykietę
Nie ma etykietki, Dołącz pierwszą etykiete!
|
| Thư viện lưu trữ: | Trung tâm Học liệu Trường Đại học Cần Thơ |
|---|
| LEADER | 00451nam a2200169Ia 4500 | ||
|---|---|---|---|
| 001 | CTU_48944 | ||
| 008 | 210402s9999 xx 000 0 und d | ||
| 082 | |a 571.8 | ||
| 082 | |b K14 | ||
| 100 | |a Klaus Kalthoff | ||
| 245 | 0 | |a Analysis of biological development | |
| 245 | 0 | |c Klaus Kalthoff | |
| 260 | |a New York | ||
| 260 | |b McGraw-Hill | ||
| 260 | |c 2001 | ||
| 650 | |a developmental biology | ||
| 980 | |a Trung tâm Học liệu Trường Đại học Cần Thơ | ||